| 000 | 00879nam a2200241 a 4500 | ||
|---|---|---|---|
| 999 |
_c8420 _d8420 |
||
| 001 | 8420 | ||
| 003 | BD-JhCC | ||
| 005 | 20180307132222.0 | ||
| 008 | 171111s1984 bg a|||| ||a| 000 0 ben d | ||
| 020 | _a9845550201 | ||
| 035 | _a(BD-JhCC)8420 | ||
| 040 |
_aBD-JhCC _dBD-JhCC |
||
| 041 | _aben | ||
| 082 |
_a780.92 _bKHA 1984 |
||
| 100 | _aখান, মোবারক হোসেন | ||
| 245 |
_aওস্তাদ আলাউদ্দিন খাঁ ও তাঁর পত্রাবলি / _cমোবারক হোসেন খান |
||
| 260 |
_aঢাকা: _bবাংলা শিল্পকলা একাডেমী ; _c১৯৮৪. |
||
| 300 |
_a১৪১ পৃ.; _c২৩ সেমি |
||
| 490 | _aSeries in honour of the Martyrs of the Language Movement of February 1952. | ||
| 650 | _amusic | ||
| 942 |
_2ddc _cBK |
||